[Event "Lingen op 4th"]
[Site "Lingen"]
[Date "2012.07.21"]
[Round "3"]
[White "Soechtig, Rudolf"]
[Black "Ngo, Minh Duc"]
[Result "0-1"]
[WhiteElo "1689"]
[BlackElo "1984"]
[PlyCount "86"]
[EventDate "2012.07.20"]
[EventType "swiss"]
[EventRounds "5"]
[EventCountry "GER"]
[SourceTitle "EXT 2013"]
[Source "ChessBase"]
[SourceDate "2012.11.22"]
[SourceVersion "1"]
[SourceVersionDate "2012.11.22"]
[SourceQuality "1"]

1. c4 c5 2. g3 g6 3. Bg2 Bg7 4. Nc3 Nc6 5. Nf3 Nf6 6. d4 cxd4 7. Nxd4 0-0 8. 0-0 Qb6 9. Nb3 d6 10. Be3 Qd8 11. Rc1 Re8 12. Nd4 Bd7 13. h3 Nxd4 14. Bxd4 Bc6 15. Nd5 Bxd5 16. cxd5 Qd7 17. b3 a6 18. Qd3 Rac8 19. Bc3 Rc7 20. Rc2 Rec8 21. Rfc1 h5 22. Be4 Ne8 23. Bxg7 Nxg7 24. Rc4 Rxc4 25. Rxc4 Rxc4 26. Qxc4 Ne8 27. h4 Qc7 28. Qd3 Qc1+ 29. Kh2 Nf6 30. Bf3 Qf1 31. Qe3 Kf8 32. Qh6+ Ke8 33. Qe3 Nd7 34. Qa7 Nc5 35. Bg2 Qb1 36. Qb8+ Kd7 37. Bh3+ f5 38. Qg8 Qe1 39. Kg2 Ne4 40. Qe6+ Kd8 41. Qg8+ Kc7 42. Qxg6 Qxf2+ 43. Kh1 Nxg3+ 0-1

[Event "Hannover-ch op"]
[Site "Hannover"]
[Date "2002.10.05"]
[Round "3"]
[White "Soechtig, Rudolf"]
[Black "Gans, Torsten"]
[Result "0-1"]
[WhiteElo "1640"]
[BlackElo "1789"]
[PlyCount "142"]
[EventDate "2002.10.04"]
[EventType "swiss"]
[EventRounds "7"]
[EventCountry "GER"]
[SourceTitle "EXT 2021"]
[Source "ChessBase"]
[SourceDate "2020.10.23"]
[SourceVersion "1"]
[SourceVersionDate "2020.10.23"]
[SourceQuality "1"]

1. e4 e5 2. Nf3 Nf6 3. Nxe5 d6 4. Nf3 Nxe4 5. d4 d5 6. Bd3 Bd6 7. 0-0 0-0 8. c4 c6 9. Nc3 Nxc3 10. bxc3 dxc4 11. Bxc4 Bg4 12. h3 Bh5 13. a4 Nd7 14. Ba3 Bxa3 15. Rxa3 Nf6 16. Be2 Qd6 17. Rb3 b6 18. Ne5 Bxe2 19. Qxe2 c5 20. dxc5 Qxc5 21. Qb5 Qc7 22. Nc6 Rfe8 23. Nd4 Re5 24. Qc6 Rc8 25. Qxc7 Rxc7 26. f3 g6 27. Rc1 Nd5 28. Nb5 Rce7 29. c4 Nf4 30. Rc2 Ne2+ 31. Kf2 a6 32. Nd6 Nd4 33. Rcb2 Nxb3 34. Rxb3 Re2+ 35. Kg3 Ra2 36. Rxb6 Rxa4 37. c5 a5 38. Rb8+ Kg7 39. c6 Kh6 40. Rb7 Rxb7 41. Nxb7 Rc4 42. Nxa5 Rc5 43. c7 Rxc7 44. Nb3 Rc2 45. Na1 Rc3 46. Kf4 Kg7 47. Ke4 f5+ 48. Kd4 Rc1 49. Nb3 Rg1 50. g4 Rg3 51. gxf5 Rxf3 52. Nd2 Rxf5 53. Ne4 Rf4 54. Ke3 Rxe4+ 55. Kxe4 Kf6 56. Kf4 g5+ 57. Kg4 Kg6 58. h4 h5+ 59. Kg3 g4 60. Kf4 Kf6 61. Ke4 Ke6 62. Kf4 Kd5 63. Kg3 Ke4 64. Kg2 Kf4 65. Kf2 g3+ 66. Kg2 Kg4 67. Kg1 Kxh4 68. Kg2 Kg4 69. Kh1 Kf3 70. Kg1 g2 71. Kh2 Kf2 0-1